000 00683nam a2200241Ia 4500
003 OSt
005 20221005101659.0
006 a|||||r|||| 00| 0
007 ta
008 221004b |||||||| |||| 00| 0 mal d
024 _a56551
037 _cTextual
040 _aCRL
_cCRL
_bmal
041 _2mal
_amal
082 _aO32,3N072,1, J9
100 _aPillai Umayanalloor Balakrishna
_9622520
245 0 _aKuberathaskara
260 _aTrichur
_bUdaya Publishing House India
_c1959
300 _a292
_ccm.
650 _aMALAYALAM FICTION
_9183428
942 _hO32,3N072,1, J9
_cTEXL
_2cc
999 _c1007196
_d1007196